[Event "Junior Online 4NCL Division 4"]
[Site "online"]
[Date "2021.09.02"]
[EventDate "2021.09.02"]
[Round "2.144"]
[White "Wilde, Grace"]
[WhiteElo "746"]
[WhiteTeam "Colchester Juniors C"]
[Black "Botnari, Sofia"]
[BlackElo "961"]
[BlackTeam "Chess Challengers F"]
[Result "0-1"]
[PlyCount "54"]

1. e4 e5 2. Nf3 Qf6 3. Nc3 Bc5 4. Bc4 d5 5. Bxd5 g5 6. Nb5 Bb6 7. d3 h6 8. Be3 Ba5+ 9. c3 g4 10. b4 Bb6 11. Bxb6 axb6 12. Nxc7+ Kd8 13. Nxa8 gxf3 14. gxf3 Na6 15. b5 Nc5 16. d4 exd4 17. cxd4 Na4 18. Qxa4 Bh3 19. e5 Qg5 20. Nxb6 Qg2 21. Qa8+ Kc7 22. O-O-O Qxf2 23. Qxb7+ Kd8 24. Bxf7 Ne7 25. Rhf1 Qg2 26. d5 Bf5 27. Be6 Qc2# 0-1

[Event "Junior Online 4NCL Division 4"]
[Site "online"]
[Date "2021.09.02"]
[EventDate "2021.09.02"]
[Round "2.145"]
[White "Chung, Vince"]
[WhiteElo "1157"]
[WhiteTeam "Colchester Juniors C"]
[Black "Tewari, Vivaan"]
[BlackElo "1080"]
[BlackTeam "Chess Challengers F"]
[Result "1-0"]
[PlyCount "59"]

1. e4 e5 2. Nf3 Nc6 3. Bc4 Nf6 4. Nc3 Bc5 5. O-O O-O 6. a3 Ng4 7. b4 Nxf2 8. Rxf2 Bxf2+ 9. Kxf2 Qf6 10. Nd5 Qd6 11. d3 Ne7 12. Be3 Nxd5 13. Bxd5 c6 14. Bc5 Qc7 15. Bxf8 Kxf8 16. Bc4 Qb6+ 17. Kf1 d6 18. Ng5 Be6 19. Bxe6 fxe6 20. Nxe6+ Ke7 21. Nxg7 Rf8+ 22. Nf5+ Ke6 23. Qh5 d5 24. Qh6+ Kf7 25. Qxh7+ Ke6 26. Qg6+ Kd7 27. Qg7+ Ke8 28. Qg6+ Kd8 29. Qd6+ Ke8 30. Qe7# 1-0

[Event "Junior Online 4NCL Division 4"]
[Site "online"]
[Date "2021.09.02"]
[EventDate "2021.09.02"]
[Round "2.146"]
[White "Kulkarni, Esha"]
[WhiteElo "1070"]
[WhiteTeam "Chess Challengers F"]
[Black "Kariyawasam, Alexander"]
[BlackElo "1114"]
[BlackTeam "Colchester Juniors C"]
[Result "0-1"]
[PlyCount "102"]

1. e4 e5 2. Nf3 Nc6 3. Nc3 Bc5 4. Bc4 Nf6 5. O-O O-O 6. d3 d6 7. Bg5 Be6 8. Bd5 h6 9. Bh4 Bxd5 10. Nxd5 g5 11. Bg3 Nxd5 12. exd5 Ne7 13. Qd2 Nxd5 14. c4 Bb4 15. Qc1 Nf4 16. d4 exd4 17. Nxd4 Qf6 18. Nc2 Ne2+ 19. Kh1 Nxc1 20. Raxc1 Bd2 21. Ra1 Qxb2 22. Ne3 Bxe3 23. fxe3 Rfe8 24. Bf2 Re7 25. h3 Qc3 26. Rac1 Qb2 27. Ra1 Re4 28. c5 dxc5 29. g4 Qb5 30. Bg1 Qc6 31. Rac1 Rf4+ 32. Kh2 Rxf1 33. Rxf1 Qa4 34. Ra1 Qc2+ 35. Kg3 Qb2 36. e4 Qxa1 37. Bxc5 Qxa2 38. Be7 Re8 39. Bc5 Rxe4 40. Kf3 Rc4 41. Be3 Rc3 42. Ke4 Qa4+ 43. Kf3 Qb3 44. Ke4 Rxe3+ 45. Kd4 Qd3+ 46. Kc5 Re2 47. Kb4 Qc2 48. h4 gxh4 49. g5 hxg5 50. Kb5 Re1 51. Kb4 Rb1+ 0-1

[Event "Junior Online 4NCL Division 4"]
[Site "online"]
[Date "2021.09.02"]
[EventDate "2021.09.02"]
[Round "2.147"]
[White "He, Kingsley"]
[WhiteElo "934"]
[WhiteTeam "Colchester Juniors C"]
[Black "Garg, Arnav"]
[BlackElo "1050"]
[BlackTeam "Chess Challengers F"]
[Result "1-0"]
[PlyCount "87"]

1. e4 e5 2. Nf3 Nc6 3. Bc4 Bc5 4. c3 Nf6 5. d3 O-O 6. Ng5 d6 7. Nxf7 Rxf7 8. Bxf7+ Kxf7 9. Qf3 d5 10. exd5 Qxd5 11. Qxd5+ Nxd5 12. O-O Bf5 13. b4 Bxd3 14. Rd1 Bc2 15. Rxd5 Bxb1 16. Rxb1 Bb6 17. Be3 Bxe3 18. fxe3 Rd8 19. Rxd8 Nxd8 20. Rf1+ Ke6 21. e4 Nc6 22. Rf3 b6 23. Rg3 a5 24. bxa5 Nxa5 25. Rxg7 h5 26. Rxc7 Kd6 27. Rh7 Kc5 28. Rxh5 Kc4 29. Rxe5 Kxc3 30. g4 Nc6 31. Rb5 Nd4 32. Rxb6 Ne2+ 33. Kf2 Nc1 34. Rc6+ Kb2 35. Rxc1 Kxc1 36. e5 Kb2 37. e6 Kxa2 38. e7 Kb3 39. e8=Q Kc3 40. g5 Kd4 41. g6 Kd5 42. g7 Kd6 43. g8=Q Kc5 44. Qe5+ 1-0

[Event "Junior Online 4NCL Division 4"]
[Site "online"]
[Date "2021.09.02"]
[EventDate "2021.09.02"]
[Round "2.148"]
[White "Botnari, Sofia"]
[WhiteElo "961"]
[WhiteTeam "Chess Challengers F"]
[Black "Wilde, Grace"]
[BlackElo "746"]
[BlackTeam "Colchester Juniors C"]
[Result "0-1"]
[PlyCount "100"]

1. e3 e5 2. Bc4 Nc6 3. Qh5 g6 4. Qf3 Nf6 5. g4 e4 6. Qf4 Bd6 7. Qh6 Bf8 8. Qf4 h6 9. h4 g5 10. hxg5 hxg5 11. Qxg5 Rxh1 12. Bf1 Rxg1 13. Qh4 d6 14. Qh8 Bxg4 15. d3 exd3 16. cxd3 Bf3 17. e4 Bg2 18. Bh6 Rxf1+ 19. Ke2 Nd4+ 20. Ke3 c5 21. Qxf8+ Kd7 22. Qxf7+ Kc6 23. b4 Ng4+ 24. Kf4 Nxh6 25. Qd5+ Kc7 26. bxc5 Rxf2+ 27. Ke3 Nc2+ 28. Kxf2 Nxa1 29. Kxg2 Qg8+ 30. Kf3 Qg4+ 31. Ke3 Qg3+ 32. Kd4 Rd8 33. cxd6+ Rxd6 34. Qxd6+ Kxd6 35. e5+ Ke6 36. Ke4 Qxe5+ 37. Kf3 Kf5 38. Nc3 Qxc3 39. Ke3 Ng4+ 40. Ke2 Kf4 41. a4 Qe5+ 42. Kd2 Qe3+ 43. Kc3 Kf3 44. Kc4 Ne5+ 45. Kc3 Qxd3+ 46. Kb4 Qc2 47. a5 Nd3+ 48. Kb5 Qc5+ 49. Ka4 b5+ 50. axb6 Nb2# 0-1

[Event "Junior Online 4NCL Division 4"]
[Site "online"]
[Date "2021.09.02"]
[EventDate "2021.09.02"]
[Round "2.151"]
[White "Twomey, Liam"]
[WhiteElo "1812"]
[WhiteTeam "Cork Juniors"]
[Black "Xu, Sienna"]
[BlackElo "1330"]
[BlackTeam "Leeds Juniors 3"]
[Result "1-0"]
[PlyCount "55"]

1. e4 c5 2. c3 Nc6 3. d4 cxd4 4. cxd4 Nf6 5. Nc3 d5 6. e5 Ne4 7. Nxe4 dxe4 8. d5 Nxe5 9. Qa4+ Qd7 10. Qxe4 Qf5 11. Bb5+ Kd8 12. Qxf5 Bxf5 13. Bf4 Nd3+ 14. Bxd3 Bxd3 15. Nf3 Be4 16. Ne5 Bxg2 17. Rg1 Bxd5 18. Rd1 Ke8 19. Rxd5 e6 20. Rb5 b6 21. Ke2 Bc5 22. Be3 Rc8 23. Bxc5 Rxc5 24. Rxc5 bxc5 25. Rxg7 Ke7 26. Rxf7+ Kd6 27. f4 Rb8 28. Rd7# 1-0

[Event "Junior Online 4NCL Division 4"]
[Site "online"]
[Date "2021.09.02"]
[EventDate "2021.09.02"]
[Round "2.152"]
[White "Beatham, Christopher"]
[WhiteElo "1249"]
[WhiteTeam "Leeds Juniors 3"]
[Black "Barot, Jwalant"]
[BlackElo "1186"]
[BlackTeam "Cork Juniors"]
[Result "0-1"]
[PlyCount "46"]

1. e4 e5 2. Bc4 Nc6 3. d3 Nf6 4. Bg5 d6 5. Bxf6 Qxf6 6. Nf3 Bg4 7. Nbd2 Nd4 8. O-O Be7 9. h3 Bxf3 10. Nxf3 Nxf3+ 11. Qxf3 Qxf3 12. gxf3 O-O 13. Kg2 g6 14. Kg3 Kg7 15. Kg4 h5+ 16. Kg3 g5 17. Bd5 c6 18. Bb3 h4+ 19. Kg4 Kg6 20. Rad1 f5+ 21. exf5+ Rxf5 22. Bf7+ Rxf7 23. d4 Rf4# 0-1

[Event "Junior Online 4NCL Division 4"]
[Site "online"]
[Date "2021.09.02"]
[EventDate "2021.09.02"]
[Round "2.153"]
[White "Philip, Tom"]
[WhiteElo "939"]
[WhiteTeam "Cork Juniors"]
[Black "Braunstein, Yael"]
[BlackElo "1228"]
[BlackTeam "Leeds Juniors 3"]
[Result "1-0"]
[PlyCount "31"]

1. e4 c6 2. Nf3 d5 3. Nc3 Bg4 4. Be2 Nf6 5. O-O e6 6. e5 Ne4 7. h3 Bxf3 8. Bxf3 Nxc3 9. dxc3 Nd7 10. g3 Nxe5 11. h4 Nxf3+ 12. Qxf3 Bd6 13. Bg5 Be7 14. Bf4 Qb6 15. Be3 O-O 16. Bxb6 1-0

[Event "Junior Online 4NCL Division 4"]
[Site "online"]
[Date "2021.09.02"]
[EventDate "2021.09.02"]
[Round "2.154"]
[White "Maniyar, Arnav"]
[WhiteElo "1200"]
[WhiteTeam "Leeds Juniors 3"]
[Black "Syed, Hassan"]
[BlackElo "830"]
[BlackTeam "Cork Juniors"]
[Result "1-0"]
[PlyCount "103"]

1. d4 e6 2. Bf4 Nc6 3. e3 g5 4. Bg3 h5 5. h4 Nh6 6. Qxh5 Bg7 7. Qxg5 O-O 8. Qxd8 Rxd8 9. Nd2 Nb4 10. O-O-O Nxa2+ 11. Kb1 Nb4 12. Bxc7 Rf8 13. Bd6 Re8 14. Bxb4 Ng4 15. Ne4 Bf8 16. f3 Nxe3 17. Re1 Nxf1 18. Bxf8 Rxf8 19. Rxf1 Kg7 20. Nd6 Kf6 21. g4 Ke7 22. Nxc8+ Raxc8 23. h5 Rg8 24. Ne2 f5 25. gxf5 exf5 26. Rfg1 Rxg1+ 27. Rxg1 Kf6 28. f4 Kf7 29. Rh1 Rh8 30. Ng3 Kg7 31. Nxf5+ Kf6 32. Nd6 Kg7 33. Nxb7 Kf6 34. Nc5 Kf5 35. Nxd7 Kxf4 36. c4 Kg4 37. c5 Rd8 38. Ne5+ Kf5 39. h6 Rxd4 40. h7 Rd8 41. Nf7 Rf8 42. h8=Q Rxh8 43. Nxh8 Ke4 44. c6 Kd5 45. c7 Ke4 46. c8=Q Kd4 47. Rd1+ Ke4 48. Qe8+ Kf3 49. Rf1+ Kg2 50. Rf7 Kg3 51. Qg8+ Kh4 52. Rh7# 1-0

[Event "Junior Online 4NCL Division 4"]
[Site "online"]
[Date "2021.09.02"]
[EventDate "2021.09.02"]
[Round "2.155"]
[White "Xu, Sienna"]
[WhiteElo "1330"]
[WhiteTeam "Leeds Juniors 3"]
[Black "Twomey, Liam"]
[BlackElo "1812"]
[BlackTeam "Cork Juniors"]
[Result "1-0"]
[PlyCount "47"]

1. e4 d5 2. exd5 Nf6 3. d4 Bg4 4. Nf3 Qxd5 5. Nc3 Qa5 6. Bb5+ c6 7. Bc4 e6 8. Bf4 Qb4 9. Bb3 Bxf3 10. Qxf3 Qxd4 11. Qd3 Qxd3 12. cxd3 Na6 13. O-O-O Nc5 14. Rhe1 Nxb3+ 15. axb3 Bb4 16. Kc2 O-O 17. Re3 Nd5 18. Nxd5 exd5 19. d4 Rfe8 20. Rdd3 Kf8 21. Rxe8+ Rxe8 22. Re3 c5 23. Bd6+ Re7 24. Bxe7+ 1-0

[Event "Junior Online 4NCL Division 4"]
[Site "online"]
[Date "2021.09.02"]
[EventDate "2021.09.02"]
[Round "2.156"]
[White "Barot, Jwalant"]
[WhiteElo "1186"]
[WhiteTeam "Cork Juniors"]
[Black "Beatham, Christopher"]
[BlackElo "1249"]
[BlackTeam "Leeds Juniors 3"]
[Result "1-0"]
[PlyCount "145"]

1. e4 d5 2. exd5 Qxd5 3. Nc3 Qd8 4. Nf3 Bf5 5. d4 Nf6 6. Bg5 e6 7. Bxf6 Qxf6 8. Bd3 Nc6 9. Bxf5 Qxf5 10. O-O Bb4 11. d5 Bxc3 12. dxc6 Bf6 13. cxb7 Rb8 14. Rb1 Rxb7 15. b3 O-O 16. Qd3 Qxd3 17. cxd3 Rd8 18. Rfd1 Rb6 19. Kf1 Rbd6 20. Ke2 h6 21. Rbc1 c6 22. Rc5 Kh7 23. Ne5 Bxe5 24. Rxe5 Kg6 25. Re3 Kf5 26. Rf3+ Kg6 27. Rg3+ Kh7 28. Rf3 f6 29. Re1 e5 30. Re3 Kg6 31. Rg3+ Kf5 32. Rf3+ Ke6 33. Rd1 e4 34. Re3 f5 35. f3 Ke5 36. fxe4 fxe4 37. Rxe4+ Kf5 38. Rf1+ Kg6 39. Rf3 Kh7 40. Rg3 Rf8 41. Re7 Rg8 42. Rxa7 Re6+ 43. Kd2 Kh8 44. Rf7 Rf6 45. Rxf6 gxf6 46. Rxg8+ Kxg8 47. Ke3 Kf7 48. Ke4 Ke6 49. Kd4 Kf5 50. Ke3 Ke5 51. d4+ Kf5 52. Kf3 Ke6 53. Ke4 f5+ 54. Kd3 Kd5 55. Ke3 Ke6 56. a4 Kd7 57. Kf4 Kc7 58. Kxf5 Kb6 59. b4 Kc7 60. Ke6 Kb7 61. Kd7 Kb6 62. g4 Kb7 63. h4 Kb6 64. g5 hxg5 65. hxg5 Kb7 66. g6 Kb6 67. g7 Kb7 68. g8=R Kb6 69. Rb8+ Ka7 70. Rc8 Kb7 71. Rxc6 Ka7 72. Kc7 Ka8 73. Ra6# 1-0

[Event "Junior Online 4NCL Division 4"]
[Site "online"]
[Date "2021.09.02"]
[EventDate "2021.09.02"]
[Round "2.157"]
[White "Braunstein, Yael"]
[WhiteElo "1228"]
[WhiteTeam "Leeds Juniors 3"]
[Black "Philip, Tom"]
[BlackElo "939"]
[BlackTeam "Cork Juniors"]
[Result "1-0"]
[PlyCount "129"]

1. d4 d5 2. c4 dxc4 3. Nc3 Be6 4. e4 Nc6 5. Nf3 Bg4 6. Bxc4 Bxf3 7. Qxf3 f6 8. d5 Nd4 9. Qd3 e5 10. O-O Ne7 11. Nb5 g6 12. Nxd4 exd4 13. Qxd4 Bg7 14. Qd3 O-O 15. d6+ Kh8 16. dxe7 Qxe7 17. Rd1 Rad8 18. Qf3 Rxd1+ 19. Qxd1 Rd8 20. Bd3 Rd7 21. Qe2 Qd8 22. Bc2 Re7 23. Bf4 g5 24. Bg3 Rd7 25. Rd1 Rxd1+ 26. Qxd1 Qf8 27. h3 Bh6 28. Bxc7 Qf7 29. Qd8+ Qf8 30. Qxf8+ Bxf8 31. b3 Kg7 32. Kf1 Kg6 33. Ke2 Kf7 34. Ke3 Bc5+ 35. Kd3 Ke6 36. f3 Kd7 37. Bg3 Kc6 38. Kc4 b5+ 39. Kd3 a6 40. f4 Bd6 41. Ke3 Kc5 42. Kf3 Kd4 43. fxg5 Bxg3 44. gxf6 Bd6 45. g4 Ke5 46. f7 Kf6 47. e5+ Kxe5 48. Bxh7 Kf6 49. Bg8 Kg7 50. Ke4 Ba3 51. Kd5 Kf6 52. Kc6 Ke6 53. h4 Ke5 54. h5 Kf4 55. h6 Kxg4 56. h7 Bb2 57. f8=Q Bd4 58. Be6+ Kg3 59. Bd5 Bb2 60. Qf3+ Kh4 61. Qg2 Kh5 62. Be4 Kh4 63. Bf5 Kh5 64. Qg4+ Kh6 65. Qg6# 1-0

[Event "Junior Online 4NCL Division 4"]
[Site "online"]
[Date "2021.09.02"]
[EventDate "2021.09.02"]
[Round "2.158"]
[White "Syed, Hassan"]
[WhiteElo "830"]
[WhiteTeam "Cork Juniors"]
[Black "Maniyar, Arnav"]
[BlackElo "1200"]
[BlackTeam "Leeds Juniors 3"]
[Result "0-1"]
[PlyCount "72"]

1. e4 c6 2. d4 d5 3. exd5 cxd5 4. Bb5+ Bd7 5. Bxd7+ Qxd7 6. Bf4 Nc6 7. Qf3 e6 8. Nc3 Nf6 9. O-O-O Bd6 10. Bxd6 Qxd6 11. Nb5 Qd7 12. Qg3 O-O 13. Nh3 Ne4 14. Qg4 a6 15. Nc3 Nxc3 16. bxc3 b5 17. Rhe1 Rfe8 18. Re3 f5 19. Qh4 Qe7 20. Rg3 Qxh4 21. Ng5 h6 22. Nf3 Qf4+ 23. Rd2 e5 24. dxe5 Nxe5 25. Nxe5 Rxe5 26. Re3 Rxe3 27. fxe3 Qxe3 28. a3 Re8 29. Kb2 Qxd2 30. Kb3 a5 31. a4 bxa4+ 32. Kxa4 Qxc2+ 33. Kxa5 Qxc3+ 34. Kb6 Rb8+ 35. Ka7 Rb2 36. Ka8 Qa3# 0-1

[Event "Junior Online 4NCL Division 4"]
[Site "online"]
[Date "2021.09.02"]
[EventDate "2021.09.02"]
[Round "2.161"]
[White "Bartoccioni Menconi, Leone"]
[WhiteElo "926"]
[WhiteTeam "Golden Falcons Junior 1"]
[Black "Magnus, Michael"]
[BlackElo "800"]
[BlackTeam "Edgware Gambits J"]
[Result "1-0"]
[PlyCount "31"]

1. e4 e5 2. Nf3 Nc6 3. Bc4 Nf6 4. d3 Bc5 5. O-O O-O 6. c3 d6 7. b4 Bb6 8. a4 Bg4 9. a5 Bxf3 10. Qxf3 Nxa5 11. bxa5 Bc5 12. Be3 Bxe3 13. Qxe3 Ng4 14. Qg3 Qg5 15. h3 Qd2 16. Nxd2 1-0

[Event "Junior Online 4NCL Division 4"]
[Site "online"]
[Date "2021.09.02"]
[EventDate "2021.09.02"]
[Round "2.162"]
[White "Radia, Kayan"]
[WhiteElo "800"]
[WhiteTeam "Edgware Gambits J"]
[Black "Masterskikh, Luka"]
[BlackElo "794"]
[BlackTeam "Golden Falcons Junior 1"]
[Result "1-0"]
[PlyCount "135"]

1. e4 d6 2. d4 e6 3. Nf3 Nc6 4. Nc3 Nf6 5. Bg5 h6 6. Bh4 Rg8 7. Bb5 a6 8. Ba4 g5 9. Bg3 Bg7 10. h3 Kf8 11. O-O Nb4 12. Rc1 c6 13. Nd2 b5 14. Bb3 Nxa2 15. Nxa2 a5 16. c3 a4 17. Bc2 Qa5 18. Qe2 Rb8 19. Bxd6+ Ke8 20. Bxb8 Qa8 21. Bd6 Qb7 22. Be5 Rf8 23. Bxf6 Rg8 24. Bxg7 Rxg7 25. b3 Rg8 26. bxa4 bxa4 27. Bxa4 Qa6 28. Bb3 Qxe2 29. Rfe1 Qxd2 30. Red1 Qb2 31. Rb1 Qa3 32. Rd2 Qa6 33. Rf1 Qb5 34. c4 Ba6 35. cxb5 cxb5 36. Rc2 Kd8 37. Nb4 Rg6 38. Nxa6 Rg8 39. Rb2 Rg6 40. Bc2 Rg8 41. Rxb5 Ke7 42. e5 Rd8 43. Rb8 Rxd4 44. Re1 Rc4 45. Re2 Rc6 46. Bd3 Rc1+ 47. Kh2 h5 48. Re4 g4 49. hxg4 h4 50. Kh3 Rc6 51. Kxh4 Rc3 52. Bb5 Rc2 53. Rc4 Rxc4 54. Bxc4 Kd7 55. Rb6 Kc8 56. Kh5 Kd7 57. g5 Ke7 58. g6 fxg6+ 59. Kxg6 Kf8 60. Rxe6 Kg8 61. Rf6+ Kh8 62. e6 Kg8 63. e7+ Kh8 64. Bb5 Kg8 65. Kh5 Kh7 66. e8=Q Kg7 67. Qe7+ Kg8 68. Rf8# 1-0

[Event "Junior Online 4NCL Division 4"]
[Site "online"]
[Date "2021.09.02"]
[EventDate "2021.09.02"]
[Round "2.163"]
[White "Masterskikh, Elena"]
[WhiteElo "770"]
[WhiteTeam "Golden Falcons Junior 1"]
[Black "Zhu, Xiaocheng"]
[BlackElo "736"]
[BlackTeam "Edgware Gambits J"]
[Result "0-1"]
[PlyCount "94"]

1. e4 e5 2. f3 Nc6 3. c3 Nf6 4. d4 exd4 5. cxd4 Bb4+ 6. Nc3 Bxc3+ 7. bxc3 d6 8. d5 Ne7 9. Bb5+ Bd7 10. Bxd7+ Nxd7 11. Nh3 O-O 12. Bb2 Nc8 13. c4 Qh4+ 14. g3 Qxh3 15. Qd2 Re8 16. Qd4 Nf6 17. O-O-O Nh5 18. g4 Nf6 19. g5 Nh5 20. Rdg1 Qxf3 21. g6 hxg6 22. h3 b6 23. Rg5 c5 24. Rxh5 cxd4 25. Bxd4 Qxh1+ 26. Kd2 Rxe4 27. Rg5 Rxd4+ 28. Kc3 Rd1 29. h4 Qg1 30. h5 Qd4+ 31. Kb4 Rb1+ 32. Ka4 Qxc4+ 33. Ka3 f6 34. Rxg6 Qxd5 35. h6 Kh7 36. Rxg7+ Kxh6 37. Rg8 Qxg8 38. Ka4 Ra1 39. Kb5 a6+ 40. Kc6 Rxa2 41. Kb7 Ne7 42. Kxb6 Rb2+ 43. Kc7 Rc8+ 44. Kxd6 Nf5+ 45. Kd7 Qd8+ 46. Ke6 Nd4+ 47. Kf7 Rb7# 0-1

[Event "Junior Online 4NCL Division 4"]
[Site "online"]
[Date "2021.09.02"]
[EventDate "2021.09.02"]
[Round "2.165"]
[White "Magnus, Michael"]
[WhiteElo "800"]
[WhiteTeam "Edgware Gambits J"]
[Black "Bartoccioni Menconi, Leone"]
[BlackElo "926"]
[BlackTeam "Golden Falcons Junior 1"]
[Result "1/2-1/2"]
[PlyCount "39"]

1. e4 c5 2. Nc3 Nc6 3. Nf3 e5 4. Bc4 a6 5. O-O b5 6. Bd5 f6 7. Nh4 Nge7 8. Bxc6 Nxc6 9. Nf5 Nd4 10. Nxd4 cxd4 11. Nd5 Bb7 12. d3 Bxd5 13. exd5 Bd6 14. Qh5+ g6 15. Qh6 Bf8 16. Qh3 h5 17. Qf3 Be7 18. c3 dxc3 19. bxc3 Qb6 20. c4 1/2-1/2

[Event "Junior Online 4NCL Division 4"]
[Site "online"]
[Date "2021.09.02"]
[EventDate "2021.09.02"]
[Round "2.166"]
[White "Masterskikh, Luka"]
[WhiteElo "794"]
[WhiteTeam "Golden Falcons Junior 1"]
[Black "Radia, Kayan"]
[BlackElo "800"]
[BlackTeam "Edgware Gambits J"]
[Result "0-1"]
[PlyCount "74"]

1. d4 d5 2. c3 Nc6 3. Nf3 Nf6 4. Bf4 Bg4 5. Bg3 e6 6. e3 Bd6 7. Bxd6 cxd6 8. Be2 Qd7 9. h3 Bh5 10. g4 Bg6 11. Rg1 O-O 12. h4 h6 13. h5 Bh7 14. Bd3 a6 15. Bxh7+ Kxh7 16. Qd3+ Kg8 17. g5 hxg5 18. Nxg5 a5 19. Qh7+ Nxh7 20. Nxh7 Kxh7 21. Rg5 Qe7 22. Rxg7+ Kxg7 23. Kd2 Qg5 24. f4 Qxh5 25. Na3 a4 26. b3 axb3 27. axb3 Rh8 28. Rg1+ Kf8 29. Re1 Qf5 30. e4 dxe4 31. Re3 Rh4 32. Rxe4 Qxe4 33. Nc4 Qxf4+ 34. Ne3 Rh3 35. Kc2 Qxe3 36. Kb2 Rh2+ 37. Kb1 Qe1# 0-1

[Event "Junior Online 4NCL Division 4"]
[Site "online"]
[Date "2021.09.02"]
[EventDate "2021.09.02"]
[Round "2.167"]
[White "Zhu, Xiaocheng"]
[WhiteElo "736"]
[WhiteTeam "Edgware Gambits J"]
[Black "Masterskikh, Elena"]
[BlackElo "770"]
[BlackTeam "Golden Falcons Junior 1"]
[Result "0-1"]
[PlyCount "84"]

1. e4 e5 2. Nf3 c6 3. Nc3 Qa5 4. Bd3 Qb6 5. O-O Bc5 6. Qe1 Nh6 7. Be2 Ng4 8. d3 g5 9. Nxe5 Nxe5 10. Na4 Bxf2+ 11. Rxf2 Qd4 12. Nc3 Rg8 13. Rb1 g4 14. Qd2 h6 15. Qxh6 g3 16. hxg3 Ng4 17. Bxg4 Rxg4 18. Qh8+ Qxh8 19. Bd2 Rxg3 20. Rbf1 d6 21. Rxf7 Nd7 22. Be3 Ne5 23. Bd4 Nxf7 24. Bxh8 Nxh8 25. Kh2 Rg6 26. Ne2 Rh6+ 27. Kg1 Ng6 28. Kf2 Ne5 29. Ng3 Ng4+ 30. Kf3 Ne5+ 31. Ke3 Ng4+ 32. Kd2 Nh2 33. Rh1 b5 34. Nf1 a5 35. Nxh2 c5 36. c3 b4 37. cxb4 axb4 38. a3 bxa3 39. bxa3 Rxa3 40. Ke1 Ra1+ 41. Ke2 Rxh1 42. Ng4 R6h4 0-1

[Event "Junior Online 4NCL Division 4"]
[Site "online"]
[Date "2021.09.02"]
[EventDate "2021.09.02"]
[Round "2.171"]
[White "Jordan, Tabitha"]
[WhiteElo "857"]
[WhiteTeam "Manchester Juniors E"]
[Black "Bhargava, Aarav"]
[BlackElo "826"]
[BlackTeam "Uxbridge D"]
[Result "1-0"]
[PlyCount "63"]

1. e4 e5 2. Nf3 Nc6 3. Bc4 d5 4. exd5 Nb4 5. O-O Nf6 6. Qe2 Qd6 7. Nc3 Nbxd5 8. Nb5 Qc5 9. Nxc7+ Qxc7 10. Nxe5 Nf4 11. Qf3 Qxc4 12. Nxc4 Bg4 13. Qxf4 g5 14. Qe5+ Be7 15. Re1 Be6 16. d4 Rg8 17. Nd6+ Bxd6 18. Qxd6 Rd8 19. Qc7 Nd5 20. Qxb7 Rd7 21. Qb8+ Rd8 22. Qb5+ Rd7 23. c4 Nc7 24. Qb7 Nd5 25. Qa6 Nc7 26. Qa4 Na6 27. Qxa6 Rg6 28. d5 f6 29. dxe6 Re7 30. Be3 f5 31. Bxa7 g4 32. Qc8# 1-0

[Event "Junior Online 4NCL Division 4"]
[Site "online"]
[Date "2021.09.02"]
[EventDate "2021.09.02"]
[Round "2.172"]
[White "Bhargava, Arnav"]
[WhiteElo "850"]
[WhiteTeam "Uxbridge D"]
[Black "Munshi, Rayyan"]
[BlackElo "745"]
[BlackTeam "Manchester Juniors E"]
[Result "0-1"]
[PlyCount "60"]

1. d4 g6 2. c4 Bg7 3. Nc3 Nf6 4. Bf4 O-O 5. e3 d6 6. Bd3 Bg4 7. Nf3 Nc6 8. h3 Bxf3 9. Qxf3 Nb4 10. Be4 Nxe4 11. Qxe4 Bxd4 12. Qxd4 Nc2+ 13. Kd2 Nxd4 14. exd4 e5 15. dxe5 dxe5+ 16. Ke3 exf4+ 17. Kxf4 Re8 18. Rhe1 Rxe1 19. Rxe1 Qd2+ 20. Re3 Qxb2 21. Kg5 Qxf2 22. Re5 Qxg2+ 23. Kf6 Kf8 24. Nd5 Rd8 25. Nf4 Qxa2 26. h4 Qb2 27. h5 gxh5 28. Nxh5 Re8 29. Kf5 Qxe5+ 30. Kg4 a5 0-1

[Event "Junior Online 4NCL Division 4"]
[Site "online"]
[Date "2021.09.02"]
[EventDate "2021.09.02"]
[Round "2.175"]
[White "Bhargava, Aarav"]
[WhiteElo "826"]
[WhiteTeam "Uxbridge D"]
[Black "Jordan, Tabitha"]
[BlackElo "857"]
[BlackTeam "Manchester Juniors E"]
[Result "0-1"]
[PlyCount "126"]

1. e4 e5 2. Nf3 Nc6 3. Bc4 Bc5 4. Nc3 Nf6 5. d3 d6 6. Bg5 O-O 7. O-O h6 8. Bh4 Be6 9. Nb5 Rc8 10. Nxa7 Nxa7 11. Qd2 Qd7 12. g4 Nxg4 13. Bg5 hxg5 14. Qxg5 f6 15. Qh5 Bxc4 16. dxc4 Nc6 17. Nh4 f5 18. Ng6 Kf7 19. Nxf8+ Kxf8 20. exf5 Ne7 21. f6 gxf6 22. Qh8+ Kf7 23. Qh7+ Kf8 24. Rfe1 Bxf2+ 25. Kf1 Bxe1 26. Kxe1 Qc6 27. c5 Qxc5 28. c4 Qg1+ 29. Kd2 Qxa1 30. Qf5 Qxb2+ 31. Kd3 Nh6 32. Qxf6+ Kg8 33. Qxh6 Rf8 34. Qe6+ Kh8 35. Qxe7 Rf3+ 36. Ke4 Qe2+ 37. Kd5 Rd3+ 38. Ke6 Qg4+ 39. Kf7 Rf3+ 40. Ke8 Qg8+ 41. Kd7 Rf7 42. Qxf7 Qxf7+ 43. Kd8 Kg8 44. Kc8 Kf8 45. Kxb7 c6+ 46. Kxc6 d5 47. Kc5 dxc4 48. a3 e4 49. Kd4 Kg7 50. a4 e3 51. Kxe3 Qe6+ 52. Kd4 Qc6 53. a5 Qb5 54. Kc3 Qb3+ 55. Kd4 Kf6 56. Kc5 c3 57. a6 c2 58. a7 Qa3+ 59. Kc4 c1=Q+ 60. Kd4 Qa4+ 61. Kd3 Qca3+ 62. Ke2 Qc2+ 63. Kf1 Qa1# 0-1

[Event "Junior Online 4NCL Division 4"]
[Site "online"]
[Date "2021.09.02"]
[EventDate "2021.09.02"]
[Round "2.176"]
[White "Munshi, Rayyan"]
[WhiteElo "745"]
[WhiteTeam "Manchester Juniors E"]
[Black "Bhargava, Arnav"]
[BlackElo "850"]
[BlackTeam "Uxbridge D"]
[Result "0-1"]
[PlyCount "44"]

1. e4 c5 2. Nf3 Nc6 3. Bc4 e6 4. O-O Nf6 5. d3 d5 6. exd5 exd5 7. Bb5 a6 8. Bxc6+ bxc6 9. Bg5 h6 10. Bh4 g5 11. Bg3 Bd6 12. Bxd6 Qxd6 13. Re1+ Be6 14. Nc3 d4 15. Na4 O-O 16. Nb6 Bd5 17. Nxa8 Bxf3 18. Qxf3 Rxa8 19. c4 h5 20. g4 Nxg4 21. Qd1 Qxh2+ 22. Kf1 Qxf2# 0-1

[Event "Junior Online 4NCL Division 4"]
[Site "online"]
[Date "2021.09.02"]
[EventDate "2021.09.02"]
[Round "2.181"]
[White "Singh-Raj, Aryan"]
[WhiteElo "1154"]
[WhiteTeam "JHJ Shark Tank 8"]
[Black "Wang, Hantin"]
[BlackElo "1270"]
[BlackTeam "London Dragons Californium"]
[Result "1-0"]
[PlyCount "75"]

1. e4 c5 2. Nf3 Nc6 3. Bc4 g6 4. Nc3 Bg7 5. O-O Nf6 6. e5 Ng4 7. h3 Ngxe5 8. Nxe5 Nxe5 9. Bd5 e6 10. Be4 d5 11. Bf3 Nxf3+ 12. Qxf3 O-O 13. d3 b6 14. Bd2 Bb7 15. Rfe1 Qd7 16. Qg3 d4 17. Ne4 Bxe4 18. Rxe4 Rac8 19. Qh4 Rfe8 20. Bh6 Bh8 21. Rae1 Rc6 22. Rg4 Rd6 23. Bf4 Rc6 24. Qh6 Bg7 25. Qh5 gxh5 26. Rg3 b5 27. Bh6 f6 28. Rxg7+ Qxg7 29. Bxg7 Kxg7 30. Re4 f5 31. Rh4 Kg6 32. Rf4 e5 33. Rf3 Kf6 34. g4 Rg8 35. Rxf5+ Ke6 36. Rxh5 Rg7 37. Rh6+ Kf7 38. Rxc6 1-0

[Event "Junior Online 4NCL Division 4"]
[Site "online"]
[Date "2021.09.02"]
[EventDate "2021.09.02"]
[Round "2.182"]
[White "Xue, Max"]
[WhiteElo "1250"]
[WhiteTeam "London Dragons Californium"]
[Black "Bryant, Amelie"]
[BlackElo "1209"]
[BlackTeam "JHJ Shark Tank 8"]
[Result "1-0"]
[PlyCount "127"]

1. e4 e5 2. Nc3 Nf6 3. f4 exf4 4. e5 Qe7 5. Qe2 Ng8 6. Nf3 d6 7. exd6 Qxe2+ 8. Bxe2 Bxd6 9. O-O Bf5 10. d3 Nf6 11. Nb5 a6 12. Nxd6+ cxd6 13. Bxf4 d5 14. Bd6 Nc6 15. c3 Rd8 16. Ba3 d4 17. cxd4 Nxd4 18. Nxd4 Rxd4 19. Bc5 Rd5 20. d4 Ne4 21. Bf3 h5 22. Rae1 b6 23. Ba3 h4 24. Bxe4 Bxe4 25. Rxe4+ Kd8 26. h3 g5 27. Rxf7 g4 28. Rxg4 Re8 29. Rf8 Rxf8 30. Bxf8 Rf5 31. Ba3 a5 32. Rxh4 b5 33. b4 axb4 34. Bxb4 Rd5 35. Bc5 Rd7 36. Kf2 Rf7+ 37. Ke3 Kd7 38. Rh6 Ke8 39. Ke4 Kd7 40. Ke5 b4 41. Bxb4 Rf1 42. Rh7+ Kc6 43. d5+ Kb5 44. Rb7+ Ka6 45. Rc7 Kb5 46. d6 Kxb4 47. d7 Re1+ 48. Kf6 Rf1+ 49. Ke7 Re1+ 50. Kd8 Rd1 51. Kc8 Ka3 52. d8=Q Rxd8+ 53. Kxd8 Kxa2 54. Rb7 Ka3 55. Kc7 Ka4 56. Kc6 Ka5 57. Rb1 Ka4 58. Kc5 Ka3 59. Kc4 Ka2 60. Rb8 Ka3 61. Rb7 Ka2 62. Kc3 Ka1 63. Kc2 Ka2 64. Ra7# 1-0